00650 2200169 4500001002100000005001500021035002000036007000300056008003900059082000700098084001300105100003300118245024800151260004600399650002100445990001400466INLIS00000000000988120260413021059 a0010-0426000205ta260413 | | |  a81 a81 REN a0 aRENSI SINTA NARULITA SIREGAR1 aANALISIS IMPLEMENTASI KEBIJAKAN PERSYARATAN DAN TATA CARA PENERBITAN SERTIFIKAT KELAYAKAN PENGOLAHAN (SKP) PADA UNIT PENGOLAHAN IKAN (UPI) KERUPUK IKAN DI KABUPATEN SERUYAN PROVINSI KALIMANTANN TENGAH TAHUN 2024 /cRENSI SINTA NARULITA SIREGAR aPALANGKA RAYA :bPERPUSTAKAAN UMPR,c2026 4aKEBIJAKAN PUBLIK a238101673